| 000 | 00704nam a22002177a 4500 | ||
|---|---|---|---|
| 003 | UA-OsUOA | ||
| 001 | 86461 | ||
| 007 | ta | ||
| 008 | 20120904b un ||||| |||| 00| 0 ukr d | ||
| 090 |
_a94(44) _bЦ19 |
||
| 942 | _cBK | ||
| 040 |
_aUA-OsUOA _bukr _cUA-OsUOA _dUA-OsUOA |
||
| 245 |
_aЦарство натовпу (із історії Великої Французької революції по книзі Лебона і Тарда) _cПередмова Корольова Б. |
||
| 300 | _a23 с. | ||
| 955 | _a2 | ||
| 041 | _aukr | ||
| 080 | _a94(44) | ||
| 260 |
_aК. _bУкрНДІНТІ _c1991 |
||
| 650 | 7 |
_a9 Географія. Біографії. Історія _2UDC |
|
| 999 |
_c373232 _d373232 |
||